Execuȯ̂ no processo do trabalho

Detalles Bibliográficos
Autor principal: Neves Koury, Luiz Ronan
Otros Autores: Silvino Assunȯ̂, Carolina Silva, Cunha, Natl̀ia Xavier, Otoni, Luiza
Formato: eBook
Lenguaje:portugués
Publicado: San Pablo: LTR, 2020
Materias:
Acceso en línea:Acceso restringido

MARC

LEADER 00000nam a22000007a 4500
005 20220409000224.0
007 cr|||| ||||
008 220409s2020 br |||||s|||| 00||0 por d
020 |a 978-85-301-0200-5 
035 |a 36066 
040 |a vLex 
090 |c 13148  |d 13148 
100 1 |a Neves Koury, Luiz Ronan 
245 1 0 |a Execuȯ̂ no processo do trabalho  |h [Recurso electrn̤ico] /  |c Luiz Ronan Neves Koury, Carolina Silva Silvino Assunȯ̂, Natl̀ia Xavier Cunha, Luiza Otoni 
256 |a Servicio en ln̕ea 
260 |a San Pablo:  |b LTR,  |c 2020 
300 |a 1 recurso electrn̤ico 
500 |a A Oficina de Estudos Interfaces do Processo Civil com o Processo do Trabalho (IPCPT), vinculada ̉Faculdade de Direito Milton Campos, tem o prazer de apresentar sua terceira obra ̉comunidade jurd̕ica. O livro, fruto de pesquisas desenvolvidas nas reunie̳s da Oficina, que ̌composta por professores, alunos, advogados, juz̕es e servidores, ̌a uma compilaȯ̂ de todos os encontros e discusse̳s travadas no estudo de temas relacionados ̉Execuȯ̂ Trabalhista. Objetivou-se tratar com profundidade e robustez tčnica diversos temas e situaė̳s prt̀icas encontradas na fase de execuȯ̂, tais como os desafios da liquidaȯ̂ da sentenȧ individual e coletiva, as modalidades de defesa do executado, as fraudes ̉execuȯ̂, as medidas executivas atp̕icas e os instrumentos atualmente existentes para a efetivaȯ̂ da execuȯ̂ trabalhista. A obra, construd̕a com dedicaȯ̂ e esforȯ coletivo, visa oferecer pequena contribuiȯ̂ ao estudo das alternativas existentes para a materializaȯ̂ dos direitos trabalhistas, indispensv̀eis ̉concretizaȯ̂ do Estado Democrt̀ico de Direito. 
506 1 |a Disponible solo en los productos indicados  |d vLex Global  |d vLex Global (Academic Edition, excluding Law Schools)  |d vLex Global (U.S. Academic Edition, Law Schools)  |d vLex Global (U.S. Academic Edition, excluding Law Schools)  |d vLex Global (Academic Edition, Law Schools) 
650 0 4 |a Derecho Laboral y Seguridad Social  |z Brasil 
650 0 4 |a Procedimiento Laboral  |z Brasil 
700 1 |a Silvino Assunȯ̂, Carolina Silva 
700 1 |a Cunha, Natl̀ia Xavier 
700 1 |a Otoni, Luiza 
740 0 |a vLex Libros (Servicio en ln̕ea) 
856 4 0 |u https://app.vlex.com/#/sources/36066  |z Acceso restringido 
942 |c BOOK 
999 0 |a Labor Law and Social Security 
999 0 |a Labor Procedure